000 00470nam a2200169Ia 4500
999 _c11946
_d11946
003 OSt
005 20201015124458.0
008 190216s9999||||xx |||||||||||||| ||und||
040 _coclc
082 _a828
_bRAL/S
100 _aRaleigh, Walter
_95167
245 0 _aShakespeare /
_cWalter Raleigh
260 _bMac Millian And Com. Ltd,
_c1965.
_aNewyork:
300 _a232p
650 _aEnglish Drama
942 _cBK
_2ddc
_h828
_iRAL/S
_k828
_mRAL/S